Statistics for Anagram Chain - Capital Cities

Click here to take the quiz!

General Stats

  • This quiz has been taken 481 times
  • The average score is 14 of 38

Answer Stats

Hint Answer % Correct
South Korea ->SEOUL
100%
Remove E, U; Add OOSLO
90%
Remove S; Add D, Nx2LONDON
87%
Remove O, N, D; Add B, I, SLISBON
81%
Remove O, C; Add S, PPARIS
57%
Remove S, I, N; Add RCAIRO
55%
Remove G, I, R, L; Add N, T, HATHENS
45%
Remove B, L; Add A, C, INICOSIA
45%
Remove G, A, Z; Add NBERN
41%
Remove A, R, C, N; Add G, ZZAGREB
39%
Remove P; Add L, E, GALGIERS
39%
Remove J, N, I, G; Add T, R, UBEIRUT
38%
Add I, LBERLIN
38%
Remove R, E, B; Add S, NTUNIS
37%
Remove L, R; Add G, I, JBEIJING
36%
Remove S, T; Add L, B, DDUBLIN
36%
Remove H; Add B, N, CCANBERRA
32%
Remove N, T; Add R, AHARARE
32%
Remove M, T, D, A; Add L, U, J, EJERUSALEM
29%
Remove S; Add RTEHRAN
29%
Remove O, D; Add N, V, Ax2HAVANA
28%
Remove U, P, E; Add IRIGA
27%
Remove I, N; Add DDOHA
27%
Remove B, I, R; Add HHANOI
27%
Remove N, U, L; Add R, E, T, S, Mx2AMSTERDAM
27%
Remove E, V, Nx2; Add M, LLIMA
26%
Remove I, B; Add Ax2LUANDA
25%
Remove S, M; Add G, PPRAGUE
25%
Remove H, Ax2; Add E, N, IVIENNA
24%
Add A, NMANILA
24%
Remove L, Ax2; Add K, SMINSK
23%
Remove J, A, N, S; Add L, USEOUL
22%
Remove G; Add B, I, O, NNAIROBI
22%
Remove L, E, JMASERU
18%
Remove M; Add T, O, N, GKINGSTON
17%
Remove T, I, N, G; Add V, E, R, JSARAJEVO
16%
Remove V, A, R; Add S, NSAN JOSE
8%
Remove N, K; Add Ax2SANTIAGO
6%

Score Distribution

Percentile by Number Answered

Percent of People with Each Score

Your Score History

You have not taken this quiz